Les crises allemandes (Record no. 127838)

MARC details
000 -LEADER
campo de control de longitud fija 00608nam a2200193 4500
001 - NÚMERO DE CONTROL
campo de control 127838
003 - IDENTIFICADOR DE NÚMERO DE CONTROL
campo de control ES-MaACL
005 - FECHA Y HORA DE LA ÚLTIMA TRANSACCIÓN
campo de control 20251220063020.0
007 - CAMPO FIJO DE DESCRIPCIÓN FÍSICA--INFORMACIÓN GENERAL
campo de control de longitud fija t|
008 - DATOS DE LONGITUD FIJA--INFORMACIÓN GENERAL
campo de control de longitud fija 070214s1932 fr r ||||1| fre d
100 1# - ENTRADA PRINCIPAL--NOMBRE DE PERSONA
Nombre de persona Rivaud, Albert,
Fechas asociadas al nombre 1876-1956
9 (RLIN) 154540
245 14 - MENCIÓN DEL TÍTULO
Título Les crises allemandes
Resto del título : (1919-1931) /
Mención de responsabilidad, etc. par Albert Rivaud.
260 ## - PUBLICACIÓN, DISTRIBUCIÓN, ETC.
Lugar de publicación, distribución, etc. Paris :
Nombre del editor, distribuidor, etc. Librairie Armand Colin,
Fecha de publicación, distribución, etc. 1932 (
Lugar de fabricación/manufactura Orleans :
Fabricante Imp. H. Tessier)
300 ## - DESCRIPCIÓN FÍSICA
Extensión 218 p. ;
Dimensiones 18 cm.
490 1# - MENCIÓN DE SERIE
Mención de serie Collection Armand Colin
830 0# - PUNTO DE ACCESO ADICIONAL DE SERIE-TÍTULO UNIFORME
Título uniforme Collection Armand Colin
9 (RLIN) 184182
852 ## - LOCALIZACIÓN
Ubicación ES-MaACL
Número de control de estantería F-13975
Holdings
Estatus retirado Estado de pérdida Estado de daño No para préstamo Biblioteca de origen Biblioteca actual Ubicación en estantería Fecha de adquisición Fuente de adquisición Total de préstamos Signatura topográfica completa Código de barras Visto por última vez Precio de reemplazo Tipo de ítem Koha
        Biblioteca del Ateneo de Madrid Biblioteca del Ateneo de Madrid Sala Pecera Planta 2 17/01/2008     F-13975 1133150 23/02/2023 23/02/2023 Libro impreso